[Event "Capablanca Memorial op-B 48th"]
[Site "Havana"]
[Date "2013.04.24"]
[Round "4"]
[White "Bravo Jaramillo, Santiago"]
[Black "Osorio Bedoya, Jeisson"]
[Result "1/2-1/2"]
[WhiteElo "1627"]
[BlackElo "1944"]
[PlyCount "63"]
[EventDate "2013.04.21"]
[EventType "swiss"]
[EventRounds "9"]
[EventCountry "CUB"]
[SourceTitle "CBM 154 Extra"]
[Source "ChessBase"]
[SourceDate "2013.06.25"]
[SourceVersion "2"]
[SourceVersionDate "2013.06.25"]
[SourceQuality "1"]

1. e4 c5 2. Nf3 d6 3. Bb5+ Nd7 4. 0-0 a6 5. Bxd7+ Qxd7 6. c4 e5 7. Nc3 Nf6 8. d3 h6 9. Ne1 Be7 10. f4 0-0 11. f5 b5 12. b3 bxc4 13. bxc4 Rb8 14. Nc2 Bb7 15. Ne3 Bc6 16. Ned5 Bxd5 17. Nxd5 Nxd5 18. exd5 Bf6 19. Be3 Rb2 20. Bc1 Rb6 21. Be3 Rfb8 22. Rc1 Rb2 23. Rc2 R8b6 24. Rxb2 Rxb2 25. a3 a5 26. Bc1 Rb1 27. Qc2 Qb7 28. Qa4 Qb8 29. h3 e4 30. dxe4 Bd4+ 31. Kh2 Be5+ 32. Kg1 1/2-1/2